Online
Catalog

La historia de Freewheelin secretario de los Angeles del infierno / (Record no. 41950)

MARC details
000 -CABECERA
campo de control de longitud fija 00906nam a2200241 a 4500
001 - NÚMERO DE CONTROL
campo de control 000042461
005 - FECHA Y HORA DE LA ÚLTIMA TRANSACCIÓN
campo de control 20201002040155.0
008 - DATOS DE LONGITUD FIJA--INFORMACIÓN GENERAL
campo de control de longitud fija 131203s1981 sp 000 0 spa d
020 ## - NÚMERO INTERNACIONAL ESTÁNDAR DEL LIBRO
Número Internacional Estándar del Libro 8433460196
040 ## - FUENTE DE LA CATALOGACIÓN
Centro catalogador/agencia de origen DO-SdBNP
Lengua de catalogación spa
Centro/agencia transcriptor BNPHU
041 17 - CÓDIGO DE LENGUA
Código de lengua del texto/banda sonora o título independiente spa
Código de lengua original eng
082 ## - NÚMERO DE LA CLASIFICACIÓN DECIMAL DEWEY
Número de clasificación xxx
Número de documento/Ítem R462h
100 1# - ENTRADA PRINCIPAL--NOMBRE DE PERSONA
Nombre de persona Macclure, Michael
9 (RLIN) 69629
240 10 - TÍTULO UNIFORME
Título uniforme Freewheelin Frank, secretary of the Angels.
Lenguaje de la obra Español
245 13 - MENCIÓN DE TÍTULO
Título La historia de Freewheelin secretario de los Angeles del infierno /
Mención de responsabilidad, etc. contada a Michael McClure por Frank Reynolds ; versión española de Juan Alcover.
260 ## - PUBLICACIÓN, DISTRIBUCIÓN, ETC.
Lugar de publicación, distribución, etc. Madrid :
Nombre del editor, distribuidor, etc. Júcar,
Fecha de publicación, distribución, etc. 1981.
300 ## - DESCRIPCIÓN FÍSICA
Extensión 181 p. ;
Dimensiones 20 cm.
490 1# - MENCIÓN DE SERIE
Mención de serie Azanca
-- narrativa contemporánea
Designación de volumen o secuencia 19
500 ## - NOTA GENERAL
Nota general Título en la cubierta: Freewheelin 'Frank de los ángeles del infierno.
700 12 - PUNTO DE ACCESO ADICIONAL--NOMBRE DE PERSONA
Nombre de persona Reynolds, Frank
9 (RLIN) 69630
700 12 - PUNTO DE ACCESO ADICIONAL--NOMBRE DE PERSONA
Nombre de persona Alcover, Juan
9 (RLIN) 69631
830 #0 - PUNTO DE ACCESO ADICIONAL DE SERIE-TÍTULO UNIFORME
Título uniforme Azanca
Nombre de parte o sección de la obra narrativa contemporánea
Número de parte o sección de la obra 19
9 (RLIN) 69632
Holdings
Estado de retiro Estado de pérdida Restricciones de uso No para préstamo Código de colección Localización permanente Ubicación/localización actual Ubicación en estantería Fecha de adquisición Número de inventario Total de préstamos Signatura topográfica completa Código de barras Fecha visto por última vez Precio válido a partir de Tipo de ítem Koha
      Excluido de préstamo Monografías: Libros y Folletos General General En catalogación 03.12.2013 LF1   xxx R462h 42461-10 25.06.2020 25.06.2020 No se presta

Powered by Koha